Přehled organizace vědeckotechnických informací v zahraničí
Gespeichert in:
| 1. Verfasser: | |
|---|---|
| Format: | Buch |
| Sprache: | Tschechisch |
| Veröffentlicht: |
Praha
Ústředí vědeckých, technických a ekonomických informací
1969
|
| Tags: |
Keine Tags, Fügen Sie das erste Tag hinzu!
|
MARC
| LEADER | 00000nam a2200000 4500 | ||
|---|---|---|---|
| 001 | c122570 | ||
| 005 | 20190506133214.9 | ||
| 041 | 0 | |a cze | |
| 044 | |a CZ | ||
| 245 | 1 | 0 | |a Přehled organizace vědeckotechnických informací v zahraničí |c Hana Vítková |
| 264 | 1 | |a Praha |b Ústředí vědeckých, technických a ekonomických informací |c 1969 | |
| 300 | |a 94 s. | ||
| 100 | 1 | |a Vítková, Hana | |